000 00572nab a2200145 4500
003 ES-SlBCS
005 20220423201909.0
008 160615s2015 sz ||||| |||| 00| 0 fre d
040 _aES-SlBCS
_bspa
100 1 _aBühler, Pierre
_910824
245 1 0 _aFormes précoces de l'idée moderne de tolérance religieuse chez Sébastien Castellion
_cPierre Bühler
600 1 4 _aCastellion, Sébastien
_d1515-1563
_xCrítica e interpretación
_9410931
773 0 _gVol. 147, Nº 4, 2015, págs. 345-358
_tRevue de Théologie et de Philosophie
_wRev1459
_x0035-1784
942 _2lcc
_cAR
999 _c857845
_d857845